THE WORLD OF THE INDIAN FIELD ADMINISTRATOR (Record no. 465308)

MARC details
000 -LEADER
fixed length control field 00437nam a2200145Ia 4500
008 - FIXED-LENGTH DATA ELEMENTS--GENERAL INFORMATION
fixed length control field 100204s9999 xx 000 0 und d
082 ## - DEWEY DECIMAL CLASSIFICATION NUMBER
Item number 20794
100 ## - MAIN ENTRY--PERSONAL NAME
Personal name MOOK BYRON T.
245 ## - TITLE STATEMENT
Title THE WORLD OF THE INDIAN FIELD ADMINISTRATOR
260 ## - PUBLICATION, DISTRIBUTION, ETC. (IMPRINT)
Name of publisher, distributor, etc "VIKAS PUBLISHING HOUSE, DELHI"
Date of publication, distribution, etc 1982
300 ## - PHYSICAL DESCRIPTION
Extent 194
630 ## - SUBJECT ADDED ENTRY--UNIFORM TITLE
Uniform title THE WORLD OF THE INDIAN FIELD ADMINISTRATOR
730 ## - ADDED ENTRY--UNIFORM TITLE
Uniform title THE WORLD OF THE INDIAN FIELD ADMINISTRATOR
942 ## - ADDED ENTRY ELEMENTS (KOHA)
Koha item type Book
Holdings
Withdrawn status Lost status Damaged status Not for loan Home library Current library Date acquired Cost, normal purchase price Total Checkouts Full call number Barcode Date last seen Cost, replacement price Price effective from Koha item type Public note
  Missing from bundle     N. C. Kelkar Sarvajanik Library, Mulund N. C. Kelkar Sarvajanik Library, Mulund 02/04/2010 95.00   20794 NCKMULUND-20794 02/04/2010 95.00 02/04/2010 Book 1)गहाळ